| Tag |
First Indicator |
Second Indicator |
Subfields |
| LEADER |
00000cam a2200000 4500 |
| 001 |
in00000025235 |
| 005 |
20151007061133.0 |
| 008 |
720419s1962 nyua 00000beng u |
| 010 |
|
|
|a 62010336
|
| 035 |
|
|
|a (OCoLC)00288370
|
| 035 |
|
|
|9 AAD1212AM
|
| 040 |
|
|
|c WSU
|d TXA
|d UtOrBLW
|
| 049 |
|
|
|a TXAM
|c [410084]
|
| 050 |
|
0 |
|a PS3535.A547
|b Z58
|
| 092 |
|
|
|a 813
|b R186Yb
|
| 100 |
1 |
|
|a Branden, Nathaniel.
|
| 245 |
1 |
0 |
|a Who is Ayn Rand? :
|b An analysis of the novels of Ayn Rand /
|c ; with a biographical essay by Barbara Branden.
|
| 264 |
|
1 |
|a New York :
|b Random House,
|c [1962]
|
| 264 |
|
4 |
|c ©1962
|
| 300 |
|
|
|a 239 pages :
|b illustrations ;
|c 21 cm.
|
| 336 |
|
|
|a text
|b txt
|2 rdacontent
|
| 337 |
|
|
|a unmediated
|b n
|2 rdamedia
|
| 338 |
|
|
|a volume
|b nc
|2 rdacarrier
|
| 600 |
1 |
0 |
|a Rand, Ayn.
|
| 700 |
1 |
|
|a Branden, Barbara.
|
| 999 |
|
|
|a MARS
|
| 999 |
f |
f |
|s a512e315-5a5e-30a0-8315-f0a2169d7c1b
|i 9da6bfdf-1005-3794-aa9b-3f00ab977b95
|t 0
|
| 952 |
f |
f |
|p ric
|a Texas A&M University
|b Rellis Campus
|c Joint Library Facility
|d Remote Storage
|t 0
|e PS3535.A547 Z58
|h Library of Congress classification
|i unmediated -- volume
|m A14801248543
|
| 998 |
f |
f |
|a PS3535.A547 Z58
|t 0
|l Remote Storage
|